000 00388nam a22001457a 4500
020 _a81-8423-471-6
082 _a894.812.1
_bSAC/M
100 _aMALAYALATHINTE PRIYA KAVITHAKAL
245 _aEVANE KOODI SWEEKARIKKUKA HEMANTHATHAL MELINJA KULIR NEERIL KAIKALAL NILANADHI
260 _aTHRISSUR
_bGREEN BOOKS
_c2015
300 _a216
520 _aPOETRY
650 _aPOETRY
942 _cBK
999 _c4638
_d4638